00651 2200253 4500001002100000005001700021008004100038035002400079082000800103090001500111100001600126245008600142250001800228260003000246300002300276650001000299850001500309980001300324985000600337986000900343999001500352999001500367999001500382YOGYA-0209000001060520090227022045.0 ind  0010-020900000010605 a340 a340bNga T aNGANI, NICO aTanya-Jawab Hukum Dan Manfaatnya Bagi Pencari Kebenaran dan KeadilancNico, Ngani aEd. 1, cet. 1 aYogyakartabLibertyc1984 avi, 137 hlmc21 cm aHukum aYOPDYOG(B) a20-07-05 a3 aMAR] a95P0067341 a95P0067347 a95P0067343